00525nam a22001577a 450000500170000001000140001702000260003103500130005703700130007008200100008310000260009324501420011926000350026127000440029630000270034020100807163216.0 aENG-98935 a9788186307243c395.00 aEN-82467 bDBAD/PUB a954.1 aMomin, Nikme Salse C. aUnderstanding across cultures of north east India :ba cross cultural value comparison of teachers in Meghalaya /cby Nikme Salse C.Momin aGuwahatibDVS Publishersc2010 aH.B. Road, Pan Bazar,bGuwahatie781001 a170p.bill.c22cm (Hb)